000 00551cam a22001931 4500
001 sa 67004115
003 DLC
005 20260227112344.0
008 090520s1967 ii c 000 0 eng
010 _asa 67004115
020 _cRs7.50
040 _aDLC
_cDLC
_dDLC
050 0 0 _aDS481.R28
_bC45
100 1 _aChidambaram, S.
245 1 0 _aWith profound respects,
_cby S. Chidambaram.
260 _a[Madras]
_bHigginbothams
_c[1967]
300 _axxi, 153 p.
_bports.
_c19 cm.
600 1 0 _aRamaswami Aiyar, C. P.
_q(Chetpat Pattabhirama),
_d1879-1966.
999 _c74276
_d74276